Te veo, ¿me ves? / (Registro nro. 310)
[ vista simple ]
| 000 -LEADER | |
|---|---|
| fixed length control field | 00544nam a22001697a 4500 |
| 003 - CONTROL NUMBER IDENTIFIER | |
| control field | OSt |
| 005 - DATE AND TIME OF LATEST TRANSACTION | |
| control field | 20240930102605.0 |
| 008 - FIXED-LENGTH DATA ELEMENTS--GENERAL INFORMATION | |
| fixed length control field | 240830s2022 ag ||||| |||| 00| p spa d |
| 040 ## - CATALOGING SOURCE | |
| Transcribing agency | besoc |
| 100 10 - MAIN ENTRY--PERSONAL NAME | |
| Personal name | Roberts, Cintia |
| Relator term | autor |
| 245 10 - TITLE STATEMENT | |
| Title | Te veo, ¿me ves? / |
| Statement of responsibility, etc. | Cintia Roberts, María Belén Campero, Sabina Schürmann |
| 260 ## - PUBLICATION, DISTRIBUTION, ETC. | |
| Place of publication, distribution, etc. | Buenos Aires : |
| Name of publisher, distributor, etc. | Ojoreja, |
| Date of publication, distribution, etc. | 2022 |
| 650 #4 - SUBJECT ADDED ENTRY--TOPICAL TERM | |
| Topical term or geographic name entry element | Literatura Argentina |
| Form subdivision | Poesía |
| Chronological subdivision | Siglo XXI |
| General subdivision | Colección infantil y juvenil |
| 700 1# - ADDED ENTRY--PERSONAL NAME | |
| Personal name | Campero, María Belén |
| 700 1# - ADDED ENTRY--PERSONAL NAME | |
| Personal name | Schürmann, Sabina |
| 942 ## - ADDED ENTRY ELEMENTS (KOHA) | |
| Source of classification or shelving scheme | Universal Decimal Classification |
| Koha item type | Obra General |
| Suppress in OPAC | No |
| Withdrawn status | Lost status | Source of classification or shelving scheme | Damaged status | Not for loan | Collection | Home library | Current library | Date acquired | Total checkouts | Full call number | Barcode | Date last seen | Price effective from | Koha item type |
|---|---|---|---|---|---|---|---|---|---|---|---|---|---|---|
| Universal Decimal Classification | Colección General | Biblioteca Escuela de Ciencias Sociales | Biblioteca Escuela de Ciencias Sociales | 30/08/2024 | 82-1(82) C195 | 001118 | 30/08/2024 | 30/08/2024 | Obra General |